Management and organisational behaviour / (Record no. 2894)
[ view plain ]
| 000 -LEADER | |
|---|---|
| fixed length control field | 01639nam a2200169 4500 |
| 020 ## - INTERNATIONAL STANDARD BOOK NUMBER | |
| ISBN | 9780273724087 |
| 050 ## - CALL NUMBER | |
| Classification number | HD58.7 |
| Item number | .M85 |
| 100 ## - AUTHOR | |
| Personal name | Mullins, Laurie J. |
| 245 ## - TITLE | |
| Title | Management and organisational behaviour / |
| Statement of responsibility, etc | Laurie J. Mullins. |
| 250 ## - EDITION | |
| Edition statement | 7th ed. |
| 260 ## - PUBLICATION INFORMATION | |
| Place of publication | London : |
| Name of publisher | FT Prentice Hall, |
| Year of publication | 2007. |
| 300 ## - DESCRIPTION | |
| Number of Pages | xxxii,837p. : |
| Other physical details | ill. ; |
| Dimensions | 26cm. |
| 500 ## - NOTES | |
| General note | Includes index. |
| 505 ## - FORMATTED CONTENTS NOTE | |
| Table of Content | Part 1. The Organisational Setting --<br/>Chapter 1. The Nature of Organizational Behaviour<br/>Chapter 2. Approaches to Organisation and Management<br/>Chapter 3. The Nature and Context of Organisations<br/><br/><br/>Part 2. The individual --<br/>Chapter 4. Individual differences and Diversity<br/>Chapter 5. The Nature of Learning<br/>Chapter 6. Perception and Communication <br/>Chapter 7. Work, Motivation and Job Satisfaction <br/><br/><br/>Part 3. Groups, teams and leadership --<br/>Chapter 8. The nature of work groups and teams<br/>Chapter 9. Working in Groups and Teams<br/>Chapter 10. The Nature of Leadership<br/><br/><br/><br/>Part 4. The nature of management --<br/>Chapter 11. The Role of the Manager<br/>Chapter 12. Managerial Behaviour and Effectiveness<br/>Chapter 13. Human Resource Management<br/><br/><br/>Part 5. Structures of organisation --<br/>Chapter 14. Organisation Strategy and Structure <br/>Chapter 15. Patterns of Structure and Work Organisation<br/>Chapter 16. Technology and Organisations<br/><br/><br/>Part 6. Organisation management.<br/>Chapter 17. Organisational Control and Power<br/>Chapter 18. Corporate Responsibility and Ethics<br/>Chapter 19. Organisation Culture and Change<br/>Chapter 20. Organisational Performance and Effectiveness |
| 650 ## - SUBJECTS | |
| Topical Term | Organizational behavior. |
| 942 ## - ADDED ENTRY ELEMENTS (KOHA) | |
| Koha item type | Books |
| Withdrawn status | Lost status | Home library | Current library | Shelving location | Date acquired | Full call number | Accession Number | Koha item type | Collection code |
|---|---|---|---|---|---|---|---|---|---|
| Methodist University Library Main | Methodist University Library Main | General Stacks | 03/09/2011 | HD58.7.M85 | 33877 | Books | Reference | ||
| Methodist University Library Main | Methodist University Library Main | General Stacks | 17/09/2011 | HD58.7 .M85 | 33879 | Books | Reference | ||
| Methodist University Library Tema | Methodist University Library Tema | General Stacks | 27/06/2008 | HD58.7.M85 | 20462 | Books | |||
| Methodist University Library Tema | Methodist University Library Tema | General Stacks | 27/06/2008 | HD58.7.M85 | 24689 | Books | |||
| Methodist University Library Tema | Methodist University Library Tema | General Stacks | 27/05/2010 | HD58.7.M85 | 31001 | Books | |||
| Methodist University Library Tema | Methodist University Library Tema | General Stacks | 27/03/2009 | HD58.7.M85 | 24688 | Books | |||
| Methodist University Library Tema | Methodist University Library Tema | General Stacks | 27/09/2016 | HD58.7.M85 | 33882 | Books | |||
| Methodist University Library Tema | Methodist University Library Tema | General Stacks | 27/03/2007 | HD58.7.M85 | 27899 | Books |